[Event "Nord West Cup 3rd"]
[Site "Oldenburg"]
[Date "2001.02.03"]
[Round "5"]
[White "Zielke, Vitaly"]
[Black "Wenke, Heiko"]
[Result "1/2-1/2"]
[WhiteElo "1370"]
[BlackElo "1710"]
[PlyCount "31"]
[EventDate "2001.02.01"]
[EventType "swiss"]
[EventRounds "7"]
[EventCountry "GER"]
[SourceTitle "EXT 2010"]
[Source "ChessBase"]
[SourceDate "2010.11.25"]
[SourceVersion "1"]
[SourceVersionDate "2010.11.25"]
[SourceQuality "1"]

1. Nf3 Nc6 2. d4 d5 3. c4 e6 4. cxd5 exd5 5. Nc3 Nf6 6. Bg5 Be7 7. e3 h6 8. Bh4 Ne4 9. Bxe7 Nxe7 10. Nxe4 dxe4 11. Nd2 f5 12. Bb5+ c6 13. Bc4 Qd6 14. Qb3 Nd5 15. Bxd5 Qxd5 16. Qxd5 1/2-1/2

[Event "Nord West Cup 3rd"]
[Site "Oldenburg"]
[Date "2001.02.02"]
[Round "2"]
[White "Zielke, Vitaly"]
[Black "Schuenemann, Wilfried"]
[Result "0-1"]
[WhiteElo "1370"]
[BlackElo "1729"]
[PlyCount "116"]
[EventDate "2001.02.01"]
[EventType "swiss"]
[EventRounds "7"]
[EventCountry "GER"]
[SourceTitle "EXT 2010"]
[Source "ChessBase"]
[SourceDate "2010.11.25"]
[SourceVersion "1"]
[SourceVersionDate "2010.11.25"]
[SourceQuality "1"]

1. Nf3 f5 2. c4 Nf6 3. g3 b6 4. Bg2 Bb7 5. Nc3 g5 6. 0-0 g4 7. Nd4 Bxg2 8. Kxg2 e6 9. b3 c5 10. Nc2 Nc6 11. Bb2 Bg7 12. e3 Ne5 13. d4 Nf3 14. dxc5 Ne4 15. Nxe4 Bxb2 16. Nd6+ Ke7 17. Rb1 Be5 18. Nb5 bxc5 19. Qd3 a6 20. Nc3 Qa5 21. Na4 Ra7 22. Rbd1 Qc7 23. Ne1 Ng5 24. Qc2 h5 25. Nd3 Qc6+ 26. f3 gxf3+ 27. Kf2 Bc7 28. Nc3 h4 29. Rh1 Nh3+ 30. Ke1 hxg3 31. hxg3 f2+ 32. Kd2 Bxg3 33. Kc1 Qf3 34. Qd2 d6 35. Rdf1 Rh4 36. Nd1 Kf6 37. N1xf2 Nxf2 38. Rxh4 Bxh4 39. Nxf2 Bg5 40. Re1 Rh7 41. Qe2 Qxe2 42. Rxe2 Rh4 43. Kd2 Ke5 44. Kd3 d5 45. cxd5 exd5 46. Rc2 c4+ 47. bxc4 dxc4+ 48. Rxc4 Rxc4 49. Kxc4 Bxe3 50. Nd1 Ke4 51. Nc3+ Kf3 52. Kd5 Bd2 53. Nb1 Be1 54. Na3 f4 55. Nc4 Ke2 56. Ke4 f3 57. Ne3 f2 58. Kd4 Bd2 0-1